[Event "FICGS class D 000275 email"]
[Site "FICGS email"]
[Date "2021.02.21"]
[Round "1"]
[White "Autobello, Giovanni"]
[Black "Hrubaru, Mircea"]
[Result "1-0"]
[WhiteElo "1542"]
[BlackElo "1473"]
[PlyCount "35"]
[EventDate "2021.??.??"]
[EventType "tourn (corr)"]
[EventRounds "6"]
[SourceTitle "Corr 2022"]
[Source "ChessBase"]
[SourceDate "2021.10.24"]
[SourceVersion "1"]
[SourceVersionDate "2021.10.24"]
[SourceQuality "1"]

1. d4 d5 2. Nf3 c6 3. g3 Nf6 4. Bg2 g6 5. 0-0 Bg7 6. Bg5 0-0 7. Nbd2 Qb6 8. b3 h6 9. Bxf6 Bxf6 10. e3 Bf5 11. c4 h5 12. Ne5 Bxe5 13. dxe5 Rd8 14. cxd5 cxd5 15. Rc1 Nc6 16. Nf3 Bg4 17. h3 Bxf3 18. Bxf3 1-0

[Event "SC-2021-0-00400"]
[Site "LSS email"]
[Date "2021.02.02"]
[Round "?"]
[White "Hrubaru, Mircea"]
[Black "Carlsen, Jan"]
[Result "1-0"]
[WhiteElo "1648"]
[BlackElo "1601"]
[PlyCount "55"]
[EventDate "2020.10.13"]
[EventType "tourn (corr)"]
[EventRounds "6"]
[EventCountry "GER"]
[SourceTitle "Corr 2024"]
[Source "ChessBase"]
[SourceDate "2023.10.19"]
[SourceVersion "1"]
[SourceVersionDate "2023.10.19"]
[SourceQuality "1"]

1. d4 Nf6 2. c4 g6 3. Nf3 Bg7 4. Nc3 0-0 5. e4 d6 6. Be2 c5 7. 0-0 Re8 8. d5 e6 9. Bf4 exd5 10. exd5 Ne4 11. Nxe4 Rxe4 12. Bg5 Qb6 13. Bd3 Re8 14. Re1 Bd7 15. Qd2 Na6 16. h3 Nb4 17. Bf1 Bf5 18. Rxe8+ Rxe8 19. Re1 Rxe1 20. Qxe1 Qc7 21. a3 Na6 22. Bd3 Bxd3 23. Qe8+ Bf8 24. Bd8 Qd7 25. Qxd7 Be7 26. Bxe7 Bf1 27. Qe8+ Kg7 28. Qf8# 1-0

[Event "SC-2021-0-00400"]
[Site "LSS email"]
[Date "2021.02.02"]
[Round "?"]
[White "Hrubaru, Mircea"]
[Black "Martins, Karin"]
[Result "0-1"]
[WhiteElo "1648"]
[BlackElo "1663"]
[PlyCount "38"]
[EventDate "2020.10.13"]
[EventType "tourn (corr)"]
[EventRounds "6"]
[EventCountry "GER"]
[SourceTitle "Corr 2024"]
[Source "ChessBase"]
[SourceDate "2023.10.19"]
[SourceVersion "1"]
[SourceVersionDate "2023.10.19"]
[SourceQuality "1"]

1. e4 e5 2. Nf3 Nc6 3. Bc4 Bc5 4. c3 Nf6 5. d3 0-0 6. 0-0 d5 7. exd5 Nxd5 8. a4 a5 9. Nbd2 Bg4 10. Ne4 Bb6 11. h3 Bh5 12. Ng3 Bg6 13. Qb3 Nf6 14. Rd1 h6 15. Be3 Bxe3 16. fxe3 Rb8 17. e4 Nh5 18. Nf1 Kh8 19. Ne3 Nf4 0-1

[Event "FICGS class D 000274 email"]
[Site "FICGS email"]
[Date "2021.01.31"]
[Round "1"]
[White "Autobello, Giovanni"]
[Black "Hrubaru, Mircea"]
[Result "1-0"]
[WhiteElo "1542"]
[BlackElo "1473"]
[PlyCount "41"]
[EventDate "2021.??.??"]
[EventType "tourn (corr)"]
[EventRounds "6"]
[SourceTitle "Corr 2022"]
[Source "ChessBase"]
[SourceDate "2021.10.24"]
[SourceVersion "1"]
[SourceVersionDate "2021.10.24"]
[SourceQuality "1"]

1. e4 c5 2. Nf3 Nc6 3. Nc3 e6 4. d3 d5 5. exd5 exd5 6. g3 Nf6 7. Bg2 Be7 8. 0-0 0-0 9. Re1 d4 10. Ne4 Nxe4 11. dxe4 Be6 12. b3 a6 13. Bb2 b5 14. Qd2 h6 15. Rad1 Qb6 16. e5 a5 17. a3 Rfd8 18. Qe2 a4 19. Nd2 axb3 20. cxb3 Rac8 21. Qh5 1-0

[Event "FICGS theme 0002 email"]
[Site "FICGS email"]
[Date "2017.02.22"]
[Round "1"]
[White "Hrubaru, Mircea"]
[Black "Ambos, Ilmar"]
[Result "0-1"]
[WhiteElo "1392"]
[BlackElo "1885"]
[PlyCount "64"]
[EventDate "2017.??.??"]
[EventType "swiss (corr)"]
[EventRounds "1"]
[SourceTitle "Corr 2022"]
[Source "ChessBase"]
[SourceDate "2021.10.24"]
[SourceVersion "1"]
[SourceVersionDate "2021.10.24"]
[SourceQuality "1"]

1. d4 Nf6 2. c4 g6 3. Nc3 d5 4. Nf3 Bg7 5. Qb3 dxc4 6. Qxc4 0-0 7. e4 Bg4 8. Be3 Nfd7 9. Qb3 Nb6 10. Rd1 Nc6 11. d5 Ne5 12. Be2 Nxf3+ 13. gxf3 Bh5 14. Rg1 Qd7 15. Rg3 c6 16. a4 Qc7 17. Qa3 f5 18. dxc6 bxc6 19. a5 Nc8 20. Qc5 fxe4 21. Nb5 Qxa5+ 22. b4 Qa4 23. Bd4 Nb6 24. Bxg7 Kxg7 25. Nc7 Nd5 26. Nxa8 exf3 27. Bb5 Qa2 28. Qxc6 Rf5 29. Rxd5 Rxd5 30. Qc3+ e5 31. Bd3 Rd4 32. Nc7 Re4+ 0-1

[Event "SC-2016-0-00310"]
[Site "LSS email"]
[Date "2016.12.03"]
[Round "?"]
[White "Evans, Stan"]
[Black "Hrubaru, Mircea"]
[Result "1/2-1/2"]
[WhiteElo "1653"]
[BlackElo "1854"]
[PlyCount "57"]
[EventDate "2016.10.29"]
[EventType "tourn (corr)"]
[EventRounds "6"]
[EventCountry "GER"]
[SourceTitle "Corr 2022"]
[Source "ChessBase"]
[SourceDate "2021.10.24"]
[SourceVersion "1"]
[SourceVersionDate "2021.10.24"]
[SourceQuality "1"]

1. e4 e5 2. Nc3 Nf6 3. Bc4 Nc6 4. d3 Na5 5. Bb3 Nxb3 6. axb3 d5 7. Nf3 Bb4 8. 0-0 0-0 9. Bg5 dxe4 10. Nxe4 Re8 11. h3 Be7 12. Bxf6 Bxf6 13. Re1 b6 14. d4 Bb7 15. Nxf6+ gxf6 16. Re3 exd4 17. Nxd4 Re5 18. Rd3 Rg5 19. Nf5 Rxg2+ 20. Kf1 Qe8 21. Rxa7 Be4 22. Rd7 Rg6 23. Ne7+ Kg7 24. Rxa8 Qxa8 25. Nxg6 Bf3 26. Qe1 hxg6 27. Rd3 Bg2+ 28. Kg1 Be4 29. Rc3 1/2-1/2

[Event "FICGS class E 000194 email"]
[Site "FICGS email"]
[Date "2016.11.30"]
[Round "1"]
[White "Zemlyanov, Sergey Mikhailovich"]
[Black "Hrubaru, Mircea"]
[Result "0-1"]
[WhiteElo "1457"]
[BlackElo "1392"]
[PlyCount "36"]
[EventDate "2016.??.??"]
[EventType "tourn (corr)"]
[EventRounds "5"]
[SourceTitle "Corr 2022"]
[Source "ChessBase"]
[SourceDate "2021.10.24"]
[SourceVersion "1"]
[SourceVersionDate "2021.10.24"]
[SourceQuality "1"]

1. e4 c5 2. Nf3 Nc6 3. d4 cxd4 4. Nxd4 Nf6 5. Nc3 e5 6. Ndb5 d6 7. Bg5 a6 8. Na3 b5 9. Nd5 Be7 10. Bxf6 Bxf6 11. c3 Bg5 12. Nc2 0-0 13. a4 bxa4 14. Rxa4 a5 15. Bc4 Kh8 16. Nce3 Rb8 17. b3 g6 18. h4 Bxh4 0-1

[Event "FICGS theme 0002 email"]
[Site "FICGS email"]
[Date "2016.11.29"]
[Round "1"]
[White "Hrubaru, Mircea"]
[Black "Carrizo, Jose Luis"]
[Result "0-1"]
[WhiteElo "1392"]
[BlackElo "2065"]
[PlyCount "46"]
[EventDate "2016.??.??"]
[EventType "swiss (corr)"]
[EventRounds "1"]
[SourceTitle "Corr 2022"]
[Source "ChessBase"]
[SourceDate "2021.10.24"]
[SourceVersion "1"]
[SourceVersionDate "2021.10.24"]
[SourceQuality "1"]

1. e4 e5 2. Nf3 Nc6 3. Nc3 Nf6 4. d4 exd4 5. Nd5 Be7 6. Bf4 d6 7. Nxd4 0-0 8. Nb5 Nxd5 9. exd5 Ne5 10. Be2 Ng6 11. Bg3 Bf6 12. c3 a6 13. Na3 h5 14. Bxh5 Re8+ 15. Kf1 Bf5 16. Nc4 Qd7 17. Kg1 Qb5 18. Be2 Ne7 19. h3 Qc5 20. Ne3 Bg5 21. Nxf5 Nxf5 22. Kh2 Nxg3 23. fxg3 Qf2 0-1

[Event "FICGS theme 0002 email"]
[Site "FICGS email"]
[Date "2016.11.29"]
[Round "1"]
[White "Kehayov, Yulian"]
[Black "Hrubaru, Mircea"]
[Result "0-1"]
[WhiteElo "1033"]
[BlackElo "1392"]
[PlyCount "26"]
[EventDate "2016.??.??"]
[EventType "swiss (corr)"]
[EventRounds "1"]
[SourceTitle "Corr 2022"]
[Source "ChessBase"]
[SourceDate "2021.10.24"]
[SourceVersion "1"]
[SourceVersionDate "2021.10.24"]
[SourceQuality "1"]

1. e4 e5 2. Nf3 Nc6 3. Nc3 Nf6 4. d4 exd4 5. Nd5 Nb4 6. Nxb4 Bxb4+ 7. Bd2 Qe7 8. Bxb4 Qxb4+ 9. Qd2 Qxb2 10. Qd1 Nxe4 11. Bd3 Nc3 12. Qd2 Qxa1+ 13. Qd1 Qxd1# 0-1

[Event "CP-2015-P-00003"]
[Site "LSS email"]
[Date "2015.09.28"]
[Round "?"]
[White "Hrubaru, Mircea"]
[Black "Susla, Vitaliy"]
[Result "0-1"]
[WhiteElo "1854"]
[BlackElo "2249"]
[PlyCount "30"]
[EventDate "2015.10.01"]
[EventType "tourn (corr)"]
[EventRounds "6"]
[EventCountry "GER"]
[SourceTitle "Corr 2022"]
[Source "ChessBase"]
[SourceDate "2021.10.24"]
[SourceVersion "1"]
[SourceVersionDate "2021.10.24"]
[SourceQuality "1"]

1. e4 c5 2. Nf3 d6 3. Bb5+ Bd7 4. Bxd7+ Qxd7 5. c4 Nf6 6. Nc3 g6 7. d4 cxd4 8. Nxd4 Bg7 9. f3 0-0 10. Be3 Nc6 11. 0-0 a6 12. Nde2 Ne5 13. b3 b5 14. Nd5 Qb7 15. Rc1 bxc4 0-1

[Event "SC-2015-0-00268"]
[Site "LSS email"]
[Date "2015.08.17"]
[Round "?"]
[White "Richter, Klaus"]
[Black "Hrubaru, Mircea"]
[Result "1-0"]
[WhiteElo "1749"]
[BlackElo "1854"]
[PlyCount "23"]
[EventDate "2015.06.19"]
[EventType "tourn (corr)"]
[EventRounds "6"]
[EventCountry "GER"]
[SourceTitle "Corr 2022"]
[Source "ChessBase"]
[SourceDate "2021.10.24"]
[SourceVersion "1"]
[SourceVersionDate "2021.10.24"]
[SourceQuality "1"]

1. d4 d5 2. e4 c6 3. Nc3 dxe4 4. Nxe4 Nd7 5. Nf3 Ngf6 6. Ned2 e6 7. Nc4 Be7 8. Be2 0-0 9. a4 Qc7 10. 0-0 c5 11. g3 Nd5 12. c3 1-0

[Event "SC-2015-0-00268"]
[Site "LSS email"]
[Date "2015.08.17"]
[Round "?"]
[White "Tanti, Joseph"]
[Black "Hrubaru, Mircea"]
[Result "1-0"]
[WhiteElo "1798"]
[BlackElo "1854"]
[PlyCount "33"]
[EventDate "2015.06.19"]
[EventType "tourn (corr)"]
[EventRounds "6"]
[EventCountry "GER"]
[SourceTitle "Corr 2022"]
[Source "ChessBase"]
[SourceDate "2021.10.24"]
[SourceVersion "1"]
[SourceVersionDate "2021.10.24"]
[SourceQuality "1"]

1. e4 c5 2. Nf3 Nc6 3. d4 cxd4 4. Nxd4 Nf6 5. Nc3 e5 6. Ndb5 d6 7. Bg5 a6 8. Na3 b5 9. Bxf6 gxf6 10. Nd5 f5 11. Bd3 Be6 12. c3 Bg7 13. Nxb5 axb5 14. Bxb5 Bd7 15. exf5 Rb8 16. a4 Rg8 17. Qf3 1-0

[Event "SC-2015-0-00268"]
[Site "LSS email"]
[Date "2015.08.13"]
[Round "?"]
[White "Hrubaru, Mircea"]
[Black "Schulz, Hans Juergen"]
[Result "0-1"]
[WhiteElo "1854"]
[BlackElo "1700"]
[PlyCount "34"]
[EventDate "2015.06.19"]
[EventType "tourn (corr)"]
[EventRounds "6"]
[EventCountry "GER"]
[SourceTitle "Corr 2022"]
[Source "ChessBase"]
[SourceDate "2021.10.24"]
[SourceVersion "1"]
[SourceVersionDate "2021.10.24"]
[SourceQuality "1"]

1. e4 e5 2. Nf3 Nc6 3. Bb5 a6 4. Ba4 Nf6 5. 0-0 Be7 6. Nc3 b5 7. Bb3 d6 8. a4 b4 9. Nd5 Bg4 10. c3 Rb8 11. Bc2 a5 12. Qe2 Qd7 13. h3 Be6 14. Nxe7 Qxe7 15. d4 bxc3 16. bxc3 exd4 17. Nxd4 Bd7 0-1

[Event "FICGS theme 0001 email"]
[Site "FICGS email"]
[Date "2015.01.05"]
[Round "1"]
[White "Hrubaru, Mircea"]
[Black "Cermak, Jan"]
[Result "0-1"]
[WhiteElo "1489"]
[BlackElo "2000"]
[PlyCount "42"]
[EventDate "2015.??.??"]
[EventType "swiss (corr)"]
[EventRounds "1"]
[SourceTitle "Corr 2022"]
[Source "ChessBase"]
[SourceDate "2021.10.24"]
[SourceVersion "1"]
[SourceVersionDate "2021.10.24"]
[SourceQuality "1"]

1. Nf3 d5 2. b3 c5 3. e4 dxe4 4. Ng5 Nf6 5. Bc4 e6 6. Nc3 a6 7. a4 Qc7 8. Qe2 Nc6 9. Ngxe4 Nd4 10. Nxf6+ gxf6 11. Qd3 Qe5+ 12. Kd1 Bd7 13. Qh3 Qg5 14. Qg3 Rg8 15. Ne2 Bc6 16. Rg1 Rd8 17. Qxg5 Rxg5 18. Ng3 Rg6 19. c3 b5 20. axb5 axb5 21. cxd4 bxc4 0-1

[Event "BI-2014-P-0009"]
[Site "LSS email"]
[Date "2014.04.19"]
[Round "?"]
[White "Hrubaru, Mircea"]
[Black "Gomez Galan Arense, Joaquin"]
[Result "0-1"]
[WhiteElo "1700"]
[BlackElo "1636"]
[PlyCount "20"]
[EventDate "2014.04.25"]
[EventType "tourn (corr)"]
[EventRounds "10"]
[EventCountry "GER"]
[SourceTitle "Corr 2015"]
[Source "ChessBase"]
[SourceDate "2015.07.17"]
[SourceVersion "1"]
[SourceVersionDate "2015.07.17"]
[SourceQuality "1"]

1. e4 c5 2. Nf3 Nc6 3. d4 cxd4 4. Nxd4 Nf6 5. Nc3 d6 6. Bg5 e6 7. Qd2 a6 8. 0-0-0 h6 9. Bf4 Bd7 10. Nxc6 Bxc6 0-1

[Event "BI-2014-P-0009"]
[Site "LSS email"]
[Date "2014.04.19"]
[Round "?"]
[White "Ortiz, Manuel"]
[Black "Hrubaru, Mircea"]
[Result "1-0"]
[WhiteElo "2133"]
[BlackElo "1700"]
[PlyCount "33"]
[EventDate "2014.04.25"]
[EventType "tourn (corr)"]
[EventRounds "10"]
[EventCountry "GER"]
[SourceTitle "Corr 2015"]
[Source "ChessBase"]
[SourceDate "2015.07.17"]
[SourceVersion "1"]
[SourceVersionDate "2015.07.17"]
[SourceQuality "1"]

1. e4 c5 2. Nf3 Nc6 3. c3 Nf6 4. e5 Nd5 5. Bc4 Nb6 6. Bb3 c4 7. Bc2 Qc7 8. Qe2 g5 9. e6 dxe6 10. Nxg5 Qe5 11. d4 cxd3 12. Bxd3 Qxe2+ 13. Bxe2 h6 14. Ne4 f5 15. Ng3 e5 16. 0-0 Be6 17. Bh5+ 1-0

[Event "BI-2014-P-0009"]
[Site "LSS email"]
[Date "2014.04.19"]
[Round "?"]
[White "Thurrott, Allan"]
[Black "Hrubaru, Mircea"]
[Result "1-0"]
[WhiteElo "2102"]
[BlackElo "1700"]
[PlyCount "41"]
[EventDate "2014.04.25"]
[EventType "tourn (corr)"]
[EventRounds "10"]
[EventCountry "GER"]
[SourceTitle "Corr 2015"]
[Source "ChessBase"]
[SourceDate "2015.07.17"]
[SourceVersion "1"]
[SourceVersionDate "2015.07.17"]
[SourceQuality "1"]

1. e4 c5 2. Nf3 Nc6 3. d4 cxd4 4. Nxd4 Nf6 5. Nc3 e5 6. Ndb5 d6 7. Bg5 a6 8. Na3 b5 9. Bxf6 gxf6 10. Nd5 f5 11. Bd3 Be6 12. 0-0 Bxd5 13. exd5 Ne7 14. c3 Bg7 15. Re1 Qc8 16. Nc2 0-0 17. a4 e4 18. Bf1 bxa4 19. Ne3 Qb7 20. Ra2 f4 21. Nc4 1-0

[Event "FICGS W-ch st1 g01 email"]
[Site "FICGS email"]
[Date "2014.03.03"]
[Round "1"]
[White "Duenas, Alexis"]
[Black "Hrubaru, Mircea"]
[Result "1-0"]
[WhiteElo "1879"]
[BlackElo "1604"]
[PlyCount "23"]
[EventDate "2014.??.??"]
[EventType "tourn (corr)"]
[EventRounds "8"]
[SourceTitle "Corr 2022"]
[Source "ChessBase"]
[SourceDate "2021.10.24"]
[SourceVersion "1"]
[SourceVersionDate "2021.10.24"]
[SourceQuality "1"]

1. d4 d5 2. c4 c6 3. e3 Nf6 4. Nc3 e6 5. Nf3 a6 6. b3 Bb4 7. Bd2 Qe7 8. Bd3 Nbd7 9. 0-0 0-0 10. Qc2 h6 11. Rfe1 e5 12. Nxe5 1-0

[Event "CP-2013-P-00030"]
[Site "LSS email"]
[Date "2013.09.30"]
[Round "?"]
[White "Moskalenko, Eduard"]
[Black "Hrubaru, Mircea"]
[Result "1-0"]
[WhiteElo "2136"]
[BlackElo "1700"]
[PlyCount "45"]
[EventDate "2013.10.01"]
[EventType "tourn (corr)"]
[EventRounds "6"]
[EventCountry "GER"]
[SourceTitle "Corr 2015"]
[Source "ChessBase"]
[SourceDate "2015.07.17"]
[SourceVersion "1"]
[SourceVersionDate "2015.07.17"]
[SourceQuality "1"]

1. d4 d5 2. c4 c6 3. Nc3 Nf6 4. Nf3 dxc4 5. a4 Bf5 6. e3 e6 7. Bxc4 Bb4 8. 0-0 Nbd7 9. Qe2 Bg6 10. e4 Bxc3 11. bxc3 Nxe4 12. Ba3 Qa5 13. Rfc1 0-0-0 14. Bd3 Nef6 15. Rab1 Bxd3 16. Qxd3 Kb8 17. c4 h6 18. Be7 Rde8 19. Bd6+ Ka8 20. Rc2 Rd8 21. Rcb2 b6 22. Nd2 Qf5 23. Qc3 1-0